000 00538nam a2200169Ia 4500
999 _c2778
_d2778
003 DO-SdBJH
005 20180418021007.0
008 180414s9999 dr 000 0 spa d
040 _aDO-SdBJH
_bspa
_cDO-SdBJH
090 _aDM FM 3-0 2001
110 _aInstituto de Cooperación para la Seguridad Hemisférica
245 1 0 _aFM 3-0 : Operaciones
260 _aFuerte Benning, Georgia : Cuartel General Secretaría del Ejército, 2001
300 _aviii, 290 páginas en varias paginaciones
650 4 _aOperaciones
942 _2ddc
_cBK